000 00477nam a2200157Ia 4500
008 240729s9999 xx 000 0 und d
022 _a2569-653X
245 0 _aSocial Psychological Bulletin
260 _aGermany
260 _bPsychOpen GOLD/ Leibniz Institute for Psychology
650 _a Psychology | Social Sciences
650 _aPhilosophy. Psychology. Religion
856 _uhttps://doaj.org/toc/8e1dd76ee7514f259cf543ab14d200d5
942 _2ddc
942 _cDOAJEJ
999 _c68596
_d68596
945 _a1
_bMadushi Gamage
_c1
_dMadushi Gamage